Merenstein and Gardner's handbook of neonatal intensive care : (Record no. 171379)

MARC details
000 -LEADER
fixed length control field 01184nam a22003017a 4500
003 - CONTROL NUMBER IDENTIFIER
control field OSt
005 - DATE AND TIME OF LATEST TRANSACTION
control field 20250303162151.0
008 - FIXED-LENGTH DATA ELEMENTS--GENERAL INFORMATION
fixed length control field 250303b |||||||| |||| 00| 0 eng d
020 ## - INTERNATIONAL STANDARD BOOK NUMBER
International Standard Book Number 9780323569033 (paperback)
040 ## - CATALOGING SOURCE
Original cataloging agency NUST
Language of cataloging eng
Transcribing agency NUST
Modifying agency NUST
Description conventions rda
050 ## - LIBRARY OF CONGRESS CALL NUMBER
Classification number RJ253.5 MER
100 ## - MAIN ENTRY--PERSONAL NAME
Personal name Gardner, Sandra L
Relator term Author
245 ## - TITLE STATEMENT
Title Merenstein and Gardner's handbook of neonatal intensive care :
Remainder of title an interprofessional approach /
Statement of responsibility, etc. Sandra L Gardner, Brian S Carter, Mary Enzman-Hines and Susan Niermeyer.
250 ## - EDITION STATEMENT
Edition statement Ninth edition.
260 ## - PUBLICATION, DISTRIBUTION, ETC.
Place of publication, distribution, etc. St. Louis, Missouri :
Name of publisher, distributor, etc. Elsevier,
Date of publication, distribution, etc. 2021.
300 ## - PHYSICAL DESCRIPTION
Extent xix, 1238 pages :
Other physical details Illustrations ;
Dimensions 24 cm.
336 ## - CONTENT TYPE
Source rdamedia
Content type term text
Content type code txt
337 ## - MEDIA TYPE
Source rdamedia
Media type term unmediated
Media type code n
338 ## - CARRIER TYPE
Source rdamedia
Carrier type term volume
Carrier type code nc
504 ## - BIBLIOGRAPHY, ETC. NOTE
Bibliography, etc. note Includes bibliographical references and index.
650 ## - SUBJECT ADDED ENTRY--TOPICAL TERM
Form subdivision Infant, newborn, diseases -- therapy.
650 ## - SUBJECT ADDED ENTRY--TOPICAL TERM
Form subdivision Neonatal intensive care.
650 ## - SUBJECT ADDED ENTRY--TOPICAL TERM
Form subdivision Pediatric nursing -- Handbooks, manuals, etc.
700 ## - ADDED ENTRY--PERSONAL NAME
Personal name Carter, Brian S
Relator term Author
700 ## - ADDED ENTRY--PERSONAL NAME
Personal name Hines, Mary Enzman
Relator term Author
700 ## - ADDED ENTRY--PERSONAL NAME
Personal name Niermeyer, Susan
Relator term Author
942 ## - ADDED ENTRY ELEMENTS (KOHA)
Source of classification or shelving scheme Library of Congress Classification
Koha item type Ordinary Loan Books
Edition Ninth edition.
Classification part RJ253.5 MER
Call number prefix RJ
Call number suffix MER
Suppress in OPAC No
Holdings
Withdrawn status Lost status Source of classification or shelving scheme Damaged status Not for loan Collection Home library Current library Shelving location Date acquired Source of acquisition Cost, normal purchase price Total Checkouts Full call number Barcode Date last seen Accession number Cost, replacement price Price effective from Koha item type Public note
    LCC     NFIC MEDICAL MEDICAL GEN 03/03/2025 Book Aid International 83.00   RJ253.5 MER 92004055741 03/03/2025 62439 83.00 03/03/2025 BOOKS Donation